000 00687nam a22001937a 4500
999 _c165472
_d165472
005 20190619121909.0
010 _aUR-10220
020 _c250.00
_a9789387829411
035 _aU-8775
037 _bDBAD/PUB
082 _a840.08
100 _aا سو د گو ہر
245 _aسجا د حيد ر يلد ر م کا فکر و فن
_cا سو د گو ہر
246 _bSajjad Haider Yalderim Ka Fikr-o-Fun (Urdu)
_aby Aswad Gowher
260 _a Delhi
_bEducational Publishing House
_c2018 ء
270 _a3191،Vakil Street,Kucha Pandit,Lal Kuan,
_bDelhi
_e110006
_k23216162
_l00911123211540
300 _a260ص
_c22 Cm(Hb)
942 _2ddc
_cUR
_h840.08
_mا س و